01092 2200313 4500001002100000005001500021007000300036008004100039020002200080035002000102082001800122084002400140100002400164240002500188245003600213250001400249264003000263300004200293336002100335337003000356338002300386520028000409650001000689650001100699700003500710990001100745990001100756990001100767INLIS00000000002256820250210014641ta250210 a 1 ind  a978-602-341-225-9 a0010-0225000049 aA.629.230 628 aA.629.230 628 WUL j0 aWulan BSePengarang aKendaraan Penyelamat1 aJack dan Mobil Polisi Pemberani aCetakan 1 aJakarta :bBestari,c2023 a24 halaman :bIlustrasi ;c24 x 20 cm 2rdacontentaTeks 2rdamediaaTanpa Perantara 2rdacarrieraLembar aJack dan Pipo si mobil polisi siap bertugas keliling kota. Seorang anak perempuan melapor kucingnya dicuri seorang laki-laki di taman. Jack dan Pipo berusaha mencari si penculik kucing. Dalam pencarian, mereka kehilangan jejak.. Akankah mereka menemukan si penculik kucing? 4aMobil 4aPolisi0 aInner Child StudioeIlustrator a078062 a078063 a078064